[Event "Wch Rapid"]
[Site "Berlin"]
[Date "2015.10.10"]
[Round "3"]
[White "Grischuk, Alexander"]
[Black "Vidit, Santosh Gujrathi"]
[Result "0-1"]
[WhiteElo "2774"]
[BlackElo "2651"]
[Annotator "Sagar Shah"]
[PlyCount "52"]
[EventDate "2015.10.10"]
[EventType "swiss (rapid)"]
[EventRounds "15"]
[EventCountry "GER"]
[SourceTitle "CBM 168 Extra"]
[Source "ChessBase"]
[SourceDate "2015.10.29"]
[SourceVersion "1"]
[SourceVersionDate "2015.10.29"]
[SourceQuality "1"]

1. d4 Nf6 2. Bf4 g6 3. Nc3 {Grischuk plays the line of his good friend Baadur
Jobava.} d5 4. Qd2 Bg7 5. O-O-O c6 6. f3 Nbd7 7. Bh6 O-O 8. h4 {White has not
really developed his pieces and starts an attack in the style of the Dragon.
So when your opponent starts a flank attack, what must you do?} e5 {Strike in
the center!} 9. Bxg7 Kxg7 10. h5 $6 (10. dxe5 Nxe5 11. e4 {was a better way
for White to play.}) 10... exd4 11. Qxd4 c5 12. Qd2 d4 13. Nb1 $2 {This is
overambitious play by Grischuk. He thinks that his attack will break through
on the kingside but if it doesn't then what is his knight doing on b1?} (13.
Ne4 {was much better when black has to be careful as his knight on f6 is the
only defender of his kingside.}) 13... Qe7 14. hxg6 fxg6 15. Qh6+ Kg8 16. e4
Ne5 $1 {Black stops Bc4 and his co-ordination is just perfect.} 17. Na3 Be6 18.
Nh3 c4 $6 (18... a6 {Threatening b5 would have kept complete control.} 19. Ng5
b5 $17) 19. Rxd4 c3 {Black's counter attack is swift and very difficult to
defend in rapid format.} 20. Ng5 Bxa2 21. Bb5 (21. Nb5 {was the only way to
defend but here too Black seems to have good attacking chances.}) 21... Rac8
22. Ba4 Rfd8 $1 {Bringing in the reserves.} 23. Rxd8+ Rxd8 24. Nb1 $2 cxb2+ 25.
Kxb2 Qb4+ 26. Kxa2 {and now mere mortals would have taken on a4 but Vidit
spots the mate.} Nc4 $1 {Mate on b2 cannot be averted as Bb3 is met with Qa5+!
A very nice game by the Indian youngster.} 0-1

[Event "Wch Blitz 9th"]
[Site "Berlin"]
[Date "2015.10.14"]
[Round "15"]
[White "Carlsen, Magnus"]
[Black "Grischuk, Alexander"]
[Result "0-1"]
[WhiteElo "2850"]
[BlackElo "2774"]
[Annotator "Schulz,Andre"]
[PlyCount "108"]
[EventDate "2015.10.13"]
[EventType "swiss (blitz)"]
[EventRounds "21"]
[EventCountry "GER"]
[SourceTitle "CBM 168 Extra"]
[Source "ChessBase"]
[SourceDate "2015.10.29"]
[SourceVersion "1"]
[SourceVersionDate "2015.10.29"]
[SourceQuality "1"]

1. Nf3 c5 2. e3 Nf6 3. d4 g6 4. c3 b6 5. dxc5 bxc5 6. e4 Bg7 7. Bd3 O-O 8. O-O
d6 9. Na3 Bb7 10. Re1 Nbd7 11. h3 a5 12. Bf4 a4 13. Qd2 Bc6 14. Rad1 Qb6 15. e5
dxe5 16. Nxe5 Nxe5 17. Bxe5 Qb7 18. f3 Rfd8 19. Qf2 Rac8 20. Nc4 Bd5 21. Bf1
Ne8 22. Bxg7 Nxg7 23. Rd2 Bxc4 24. Bxc4 Rxd2 25. Qxd2 Nf5 26. b3 axb3 27. axb3
Qc7 28. Qf2 Rd8 29. Bf1 h5 {[#] Die schwarzen Felder um den schwarzen König
sind schwach. Carlsen antwortet aktiv, aber plötzlich gibt es eine
Vollversammlung der schwarzen Figuren am weißen Königsflügel.} 30. b4 cxb4
31. cxb4 Qc3 32. b5 Rd2 33. Re2 Rd1 34. g4 (34. Kh2 $2 h4 {gefolgt von} 35. Z0
Ng3 $19) 34... hxg4 35. hxg4 Nd4 {[#]} 36. Re3 $2 {Tempoverlust} ({Nach} 36.
Rxe7 Rd2 (36... Kf8 37. Qe3 Nxf3+ 38. Kg2 {ist Ok für Weiß.}) 37. Be2 {
ist Weiß unter Druck, aber nicht verloren.}) 36... Qc1 $19 {Es droht Txf1 und
Dxe3.} 37. Rxe7 {[#]} Rd2 $2 (37... Kf8 $1 $19 {und es gibt kein sicheres Feld
für den Turm.} 38. Re4 (38. Re5 Rxf1+ 39. Qxf1 Nxf3+ $19) 38... Rxf1+ 39. Qxf1
Nxf3+ 40. Kg2 Qxf1+ 41. Kxf1 Nd2+) 38. Qe3 $2 (38. Re8+ $1 Kg7 39. Qe3 {
droht Matt nach De5.} Kh7 40. Re7 $11) 38... Ne2+ $2 (38... Qe1 $3 {Hübsch!}
39. Qxe1 (39. Re8+ Kh7 40. f4 Nf3+ 41. Qxf3 Qxe8 $19) 39... Nxf3+ 40. Kh1 Rh2#)
39. Kg2 $11 Nf4+ 40. Kg3 Ne6 41. Re8+ Kh7 {[#]} 42. Qe5 $2 (42. Rxe6 fxe6 43.
Qa7+ Kh6 44. g5+ Kxg5 45. Qe7+ Kh6 46. Qf8+ {Mit Remis durch Dauerschach war
angesagt.}) 42... Ng7 43. Bg2 Nxe8 44. Qxe8 Qc7+ 45. Kh3 Kg7 46. Qe3 Qd6 47. b6
Rb2 48. Qc3+ Qf6 49. Qxf6+ Kxf6 50. f4 Rxb6 51. Bd5 Rd6 52. g5+ Kf5 53. Bxf7
Kxf4 54. Kh4 Kf5 0-1

[Event "Wch Blitz 9th"]
[Site "Berlin"]
[Date "2015.10.14"]
[Round "21"]
[White "Gelfand, Boris"]
[Black "Grischuk, Alexander"]
[Result "0-1"]
[WhiteElo "2741"]
[BlackElo "2774"]
[PlyCount "94"]
[EventDate "2015.10.13"]
[EventType "swiss (blitz)"]
[EventRounds "21"]
[EventCountry "GER"]
[SourceTitle "CBM 168 Extra"]
[Source "ChessBase"]
[SourceDate "2015.10.29"]
[SourceVersion "1"]
[SourceVersionDate "2015.10.29"]
[SourceQuality "1"]

1. d4 e6 2. c4 b6 3. e4 Bb7 4. Bd3 f5 5. exf5 Bb4+ 6. Kf1 Nf6 7. Nf3 O-O 8. a3
Bd6 9. Nc3 Qe8 10. h4 Nc6 11. Bg5 Qh5 12. Rh3 Rae8 13. Nb5 h6 14. Nxd6 cxd6 15.
Kg1 Ne7 16. Be2 Qf7 17. fxe6 dxe6 18. Bxf6 Qxf6 19. h5 e5 20. d5 e4 21. Nd4
Qxf2+ 22. Kh1 Bc8 23. Rh2 Nf5 24. Nxf5 Qxf5 25. Qd4 e3 26. g4 Qg5 27. Rg1 Rf4
28. Qd3 Bxg4 29. Qg6 Qxg6 30. hxg6 Bxe2 31. Rxe2 Rh4+ 32. Kg2 Rg4+ 33. Kh2 Rxg1
34. Kxg1 Kf8 35. Kg2 Re5 36. Kf3 Ke7 37. b4 Kf6 38. Kf4 h5 39. c5 bxc5 40. bxc5
dxc5 41. d6 Rd5 42. Rxe3 Rxd6 43. Rc3 Rd4+ 44. Ke3 Rd5 45. Ke4 Re5+ 46. Kf4
Rf5+ 47. Ke4 Kxg6 0-1

[Event "EU-Cup 31st"]
[Site "Skopje"]
[Date "2015.10.19"]
[Round "2.1"]
[White "Ragger, Markus"]
[Black "Grischuk, Alexander"]
[Result "0-1"]
[WhiteElo "2698"]
[BlackElo "2774"]
[Annotator "Sagar Shah"]
[PlyCount "118"]
[EventDate "2015.10.18"]
[EventType "team-swiss"]
[EventRounds "7"]
[EventCountry "MKD"]
[SourceTitle "CBM 169"]
[Source "ChessBase"]
[SourceDate "2015.11.10"]
[SourceVersion "1"]
[SourceVersionDate "2015.11.10"]
[SourceQuality "1"]
[WhiteTeam "Maria Saal"]
[BlackTeam "Siberia"]
[WhiteTeamCountry "AUT"]
[BlackTeamCountry "RUS"]

1. Nf3 Nf6 2. c4 g6 3. Nc3 Bg7 4. e4 d6 5. d4 O-O 6. Be2 e5 7. O-O Nc6 8. d5
Ne7 9. Ne1 Nd7 10. Nd3 f5 11. f3 f4 12. Bd2 Nf6 13. c5 g5 14. Rc1 Ng6 15. Nb5 (
15. cxd6 cxd6 16. Nb5 Rf7 17. Qc2 Ne8 18. a4 h5 {is one of the most popular
positions.}) 15... Rf7 16. Ba5 b6 {Not much has been annotated until this
point in the game as many games have followed the same course. But as you can
see White seems to have made quite significant strides on the queenside.} 17.
cxd6 cxd6 (17... bxa5 18. dxc7 Qf8 19. Nc5 $18 {[%cal Gc5e6] is simply a
crushing position for White.}) 18. Be1 a6 19. Nc3 a5 {[%cal Gd3b4,Gb4c6]
Preventing the idea with Nb4-c6.} 20. Bf2 Rb8 21. a4 $146 (21. Nb5 Bf8 22. Rc6
Ne8 23. a4 Bd7 24. Rc3 {0-1 (62) Meier,G (2663)-Polzin,R (2473) Austria 2010})
21... Bf8 22. Nb5 g4 23. Rc6 Rg7 24. Qc2 Bd7 25. fxg4 Nxg4 (25... Bxc6 26. dxc6
$16) 26. Bxg4 Bxg4 27. Ne1 $1 Nh8 28. Kh1 Nf7 29. h3 Bd7 30. Nf3 Ng5 31. Bh4 h6
{As you can clearly see, White is not at all interested in saving his rook on
c6. Instead he would be happy if Black took and gave him a passed pawn. But
Black wouldn't do that. Hence Ragger decides to increase the stakes.} 32. Nxd6
$1 Bxc6 33. Nf5 $1 (33. Qxc6 $2 Bxd6 $19) 33... Be8 {The B on e8 looks after
the f7-square.} (33... Bd7 34. Nxh6+ Kh7 (34... Kh8 35. Bxg5 $18 {[%cal Gh6f7]}
) 35. Bxg5 Rxg5 36. Nf7 $18) 34. Nxh6+ {White has currently two pawns for the
rook but his co-ordination is excellent.} Kh8 35. Nf5 Rc8 36. Qd3 {Once you
delve deeper into the position you understand that the g5 knight is badly
pinned and the e5 pawn is about to fall. Things are looking pretty grim for
Black. Even though he is a rook up for just two pawns he is the one on the
back foot and Grischuk has to defend with great resourcefulness.} Rg8 {
Grischuk is a world class player and the thing that differentiates a 2750+
grandmaster from other good players is that they defend tenaciously and make
the opponent work really hard for the full point. Here Rg8 was a quiet move
removing the rook from the threat of Nxg7.} 37. Nxe5 (37. d6 $1 {with the
threat of Nxg5 Rxg5 Bxg5 Qxg5 d7 is not so easy to meet.} Bxa4 (37... Bd7 38.
Nxe5 $18 {[%cal Ge5f7]}) 38. Nxe5 $44 {with excellent compensation.} Be8 39.
Qd4 $1 Bg7 40. Nxg7 Rxg7 41. d7 (41. Bxg5 $2 Qxg5 $19 {[%cal Gg5g2]}) 41...
Bxd7 42. Bxg5 Qxg5 43. Nf7+ $18) 37... Qf6 38. Nf3 (38. Bf2 $1 {transferring
the bishop to d4 would have been an excellent idea.} Bc5 39. Bd4 Bxd4 40. Ng4
$3 {I wonder if anyone apart from the engines could find this excellent idea?
If the queen moves, Qxd4 would be very strong.} (40. Qxd4 {is also interesting.
}) 40... f3 $5 (40... Qf8 41. Qxd4+ Rg7 42. Rxf4 $18) 41. Nxf6 fxg2+ 42. Kxg2
Bxf6 $16 {When the position is better for White but not so easy to play
accurately.}) 38... Bd7 $1 {Once again Grischuk keeps his cool. He knows that
he cannot really create any threats here, so it's better to just improve the
placement of his pieces.} 39. Qd2 (39. Nxg5 Rxg5 (39... Bxf5 40. exf5 Rxg5 41.
d6 Rc6 42. d7 Rd6 43. Bxg5 Qxg5 44. Qc3+ Kh7 45. Qc7 Qe7 46. d8=Q Rxd8 47. Qxb6
Rd5 $15 {Such a line is shown just to show you the rich possibilities in this
position.}) 40. Rxf4 Bxf5 41. Qf1 $1 (41. Rxf5 $2 Rc1+ 42. Kh2 Bd6+ 43. g3
Qxb2+ $19) 41... Kg8 42. Bxg5 Qxg5 43. Rxf5 {with four pawns for a piece and
pretty good compensation.}) 39... Bxf5 40. Qxf4 Bh6 (40... Qg7 $1 41. Nxg5 (41.
Bxg5 Be7 $1 $17) 41... Be7 $1 42. Qxf5 Bxg5 $15) 41. exf5 Rcd8 {The funny
thing about this position is that White is a rook down and his pawns are not
so threatening, yet the position is just around equal. This says something
about the nature of White's compensation.} 42. Ne5 $6 (42. Rd1 $1 $13 {
Maintaining the tension is the best. Ne5-g6 is coming up.} Kh7 43. Ne5 Nxh3 44.
gxh3 Bxf4 45. Bxf6 $11) 42... Rxd5 $1 $17 43. Ng4 (43. Ng6+ Kh7 $19 {Grischuk
is not afraid of ghosts.}) 43... Qd6 44. Qxd6 Rxd6 45. Bg3 Rc6 46. Be5+ Kh7 47.
Nf6+ Rxf6 48. Bxf6 {The irony of the entire game is that when the material
balance is restored, White is clearly worse because all the dynamism has been
lost.} Ne4 $1 $17 49. Be5 Bg7 (49... Ng3+ 50. Bxg3 Rxg3 $19 {was a simple way
to gain a winning position.}) 50. f6 Re8 $1 51. fxg7 (51. Bd4 Ng3+ $19) (51.
Rf5 Bxf6 52. Rxf6 (52. Bxf6 Ng3+ $19) 52... Nxf6 53. Bxf6 Re4 $19) 51... Rxe5
52. Rf3 Nc5 53. Rf6 Re6 54. Rf4 Re4 55. Rf6 Re6 56. Rf4 Kxg7 57. Rg4+ Kf7 58.
Rf4+ Ke7 59. Kh2 Re4 {A wonderful game. Beautiful imaginative play by Ragger.
It was a pity that he wasn't rewarded for it but one has to agree that
Grischuk defended in the most tenacious fashion.} 0-1

[Event "EU-Cup 31st"]
[Site "Skopje"]
[Date "2015.10.22"]
[Round "5.3"]
[White "Grischuk, Alexander"]
[Black "Caruana, Fabiano"]
[Result "1-0"]
[WhiteElo "2774"]
[BlackElo "2796"]
[Annotator "Postny,E"]
[PlyCount "97"]
[EventDate "2015.10.18"]
[EventType "team-swiss"]
[EventRounds "7"]
[EventCountry "MKD"]
[SourceTitle "CBM 169"]
[Source "ChessBase"]
[SourceDate "2015.11.10"]
[SourceVersion "1"]
[SourceVersionDate "2015.11.10"]
[SourceQuality "1"]
[WhiteTeam "Siberia"]
[BlackTeam "Socar"]
[WhiteTeamCountry "RUS"]
[BlackTeamCountry "AZE"]

1. e4 e5 2. Nf3 Nc6 3. Bb5 Nf6 4. O-O Nxe4 5. d4 Nd6 6. Bxc6 dxc6 7. dxe5 Nf5
8. Qxd8+ Kxd8 9. Nc3 {Caruana himself prefers to start with 9.h3 as White.
This is a matter of taste, as there are too many nuances in this endgame.} Ke8
10. h3 h5 {Black's main idea is to block White's pawn majority on the kingside.
The only drawback of this move - the weakening of the g5-square.} 11. Ne2 {
Not the main move, but in general a standard manoeuvre. The knight is heading
to f4, where it will eye up the Ph5 and support the e5-e6 thrust. Nevertheless,
the main move 11.Bf4 seems to pose more problems for Black.} (11. Bf4 Be7 12.
Rad1 Be6 13. Ng5 Rh6 14. g3 Bxg5 (14... Bc4 15. Rfe1 Rg6 16. Nce4 Rd8 17. Rxd8+
(17. b3 {seems to be more precise.} {The point is that after} Bd5 18. c4 Bxg5
$4 19. Bxg5 {[%csl Rd8] the rook is hanging.}) 17... Bxd8 18. b3 Bd5 19. c4
Bxg5 20. Nxg5 Be6 21. Kg2 c5 22. Nxe6 Rxe6 $11 {½-½ (54) Adams,M (2745)
-Kramnik,V (2769) London 2014}) 15. Bxg5 Rg6 16. h4 f6 17. exf6 gxf6 18. Bf4
Nxh4 19. f3 Rd8 20. Kf2 (20. Rde1 Kf7 21. Kf2 Nf5 22. Rh1 Ng7 23. Ne4 Rc8 24.
Nc5 $14 {1/2-1/2 (37) Bacrot,E (2711)-Anand,V (2797) Baden-Baden 2015}) 20...
Rxd1 21. Nxd1 Nf5 22. Rh1 Bxa2 23. Rxh5 Be6 24. g4 Nd6 25. Rh7 Nf7 26. Ne3 Kd8
27. Nf5 c5 28. Ng3 $14 {1/2-1/2 (122) Carlsen,M (2863)-Anand,V (2792) Sochi
2014}) 11... b6 12. Bg5 (12. Rd1 Bb7 13. Ned4 Nxd4 14. Nxd4 Be7 (14... h4 $5 {
is a possible improvement. In some cases the kingside rook may enter the game
via h5.}) 15. Bf4 Rd8 16. Nf5 Rxd1+ 17. Rxd1 Bc8 18. Nxe7 Kxe7 19. Bg5+ Ke6 20.
Bd8 Kxe5 21. Bxc7+ Kf5 22. Bb8 $1 a6 23. Ba7 b5 24. Rd6 Rh6 25. Rd8 Be6 26. b3
$14 {1/2-1/2 (87) Grischuk,A (2763)-Jakovenko,D (2722) Moscow 2012}) 12... Bb7
13. Rad1 $146 ({In the only preceding game Black achieved a good position after
} 13. Nf4 $6 c5 14. Nh4 Nxh4 15. Bxh4 Be7 16. Bxe7 Kxe7 {1/2-1/2 (43)
Volokitin,A (2695)-Hovhannisyan,R (2600) Plovdiv 2012}) 13... Be7 (13... c5 14.
Nc3 Bxf3 15. gxf3 c6 16. Ne4 Be7 {is also perfectly playable for Black.}) 14.
Bxe7 (14. e6 {This idea is standard and always deserves some attention. Black
should reply with} f6 (14... fxe6 $2 15. Nf4 $36) 15. Bf4 c5 $1 (15... Bd6 $6
16. Ng3 $1 Nxg3 17. Bxg3 $14) 16. Bxc7 g5 {with good compensation for the pawn.
}) 14... Kxe7 15. Nf4 c5 16. Ng5 Rh6 $2 {This move appears to be bad enough to
call it a decisive mistake!} (16... Rad8 $2 17. e6 $16) (16... Rhd8 $1 {
was the only right choice. It's psychologically not easy to sacrifice a pawn
in an endgame, so I don't find this move obvious at all.} 17. Nxh5 (17. e6 $2
f6 18. Ng6+ Ke8 {That's why it was important to put the kingside rook on d8.})
17... Ba6 $1 18. Rxd8 (18. Rfe1 $2 Rxd1 19. Rxd1 Be2 $17 {[%csl Rd1,Rh5]})
18... Rxd8 19. Rc1 Rd5 20. f4 (20. Nf3 $6 Be2 $15) 20... Rd2 21. Ne4 Re2 22.
Neg3 Nxg3 23. Nxg3 Rd2 24. Nf5+ Kf8 25. Re1 Rxc2 26. Rd1 Ke8 27. Nxg7+ Kf8 28.
Nf5 Ke8 {White doesn't have more than a repetition.}) 17. c3 {As simple as it
is strong. Now White's plan is simple: to put the rook on e1 and push e5-e6.
So, Black's next move is practically forced.} f6 18. exf6+ Kxf6 (18... gxf6 $2
19. Rfe1+ Kf8 20. Nge6+ $18) 19. Nfe6 $1 Rg6 (19... Re8 20. Rfe1 Bc6 21. g3 {
White is in full control.}) 20. f4 Ne3 21. Rd7 {Threatening mate in one, so
Black's reply is forced.} Rxg5 22. Nxg5 Nxf1 23. Kxf1 Rc8 24. g4 {A dream
position for White in the Berlin variation!} hxg4 (24... Bc6 25. Rf7+ Kg6 26.
Kf2 hxg4 27. hxg4 {makes no difference.}) 25. hxg4 Bc6 26. Rf7+ Kg6 27. Kf2 $1
(27. Re7 $6 {would allow} Rf8 {[%csl Rf4] and the white knight will have to go
back to h3.}) 27... Bd5 28. Rd7 Bxa2 {This pawn is of little significance.} (
28... Bc6 29. Re7 $18) 29. Kg3 {All White's forces are superbly coordinated.}
a5 30. Ne4 $1 Bb1 (30... Kh7 31. Nf6+ Kh8 32. Nh5 Rf8 33. f5 Rf7 34. Rd8+ Kh7
35. Nf4 $18 {[%cal Gf4g6]}) (30... a4 31. f5+ Kh7 32. Kf4 {Slowly, but surely
White will prevail.}) 31. f5+ Kh6 32. Nd2 Bc2 33. Nf3 Be4 34. Ne5 (34. g5+ $1 {
would finish it quicker.} Kh5 35. Kf4 Bxf3 36. Rd2 $1 {[%cal Gd2h2] mating.})
34... Kg5 35. Nf7+ Kf6 36. Kf4 {[%cal Gg4g5] Mating net completed, so Black
has to give up a piece.} Bxf5 37. gxf5 g6 38. fxg6 Kxg6 {If the black king
were on the queenside, Caruana could hope for an escape "à la" Carlsen-Anand,
game seven of the 2014 Wch match, but not this time.} 39. Rd8 {The easiest way.
} Rxd8 40. Nxd8 Kf6 41. c4 Ke7 42. Nc6+ Kd6 43. Ne5 b5 44. Ke4 c6 45. b3 Kc7 (
45... a4 46. bxa4 bxa4 47. Nd3 a3 48. Nc1 $18) 46. Kd3 a4 47. bxa4 Kb6 48. Kc3
Ka5 49. Kb3 {Excellent play by Alexander Grischuk!} 1-0